Szczegóły MARC21

Ośrodki innowacji i przedsiębiorczości w Polsce : raport 2010 : parki technologiczne, inkubatory technologiczne, preinkubatory i akademickie inkubatory przedsiębiorczości, inkubatory przedsiębiorczości, centra transferu technologii, fundusze kapitału zalążkowego, sieci aniołów biznesu, lokalne i regionalne fundusze pożyczkowe, fundusze poręczeń kredytowych, ośrodki szkoleniowo-doradcze, klastry, polskie platformy technologiczne /

003 -Nazwa inst., której nr kontr. jest w polu 001 [,]
    • @
    • Nazwa instytucji, której n kontrolny jest w polu 001
    • NUKAT
005 -DATA I CZAS OSTATNIEJ MODYFIKACJI [,]
    • @
    • pole kontrolne
    • 20241231090657.0
020 -Międzynarod. znormalizowany nr książki - ISBN [ , ]
    • a
    • Numer ISBN
    • 9788376330891 Find
040 -Instytucja sporządzająca opis [ , ]
    • a
    • Instytucja, która sporządziła opis (NP)
    • SZCZ U/KP
    • c
    • Instytucja, która sporządziła rekord (NP)
    • SZCZ U/AP
041 -Język dokumentu [0, ]
    • a
    • Język tekstu (P)
    • polski
    • b
    • Język streszczeń lub abstraktu (P)
    • angielski
942 -Rodzaj dokumentu [ , ]
    • c
    • Rodzaj dokumentu
    • Książka
245 -Strefa tytułu i oznaczenia odpowiedzialności [0,0]
    • a
    • Tytuł
    • Ośrodki innowacji i przedsiębiorczości w Polsce : Find
    • b
    • Ciąg dalszy tytułu (NP)
    • raport 2010 : parki technologiczne, inkubatory technologiczne, preinkubatory i akademickie inkubatory przedsiębiorczości, inkubatory przedsiębiorczości, centra transferu technologii, fundusze kapitału zalążkowego, sieci aniołów biznesu, lokalne i regionalne fundusze pożyczkowe, fundusze poręczeń kredytowych, ośrodki szkoleniowo-doradcze, klastry, polskie platformy technologiczne / Find
    • c
    • Pozostałe elementy strefy tytułu i oznaczenia odpowiedzialności (NP)
    • pod redakcją Krzysztofa B. Matusiaka.
260 -Strefa adresu wydawniczego [ , ]
    • a
    • Miejsce wydania (P)
    • Warszawa :
    • b
    • Nazwa wydawcy (P)
    • Polska Agencja Rozwoju Przedsiębiorczości,
    • c
    • Data wydania (P)
    • 2010.
300 -Strefa opisu fizycznego [ , ]
    • a
    • Określenie formy książki i/lub objętość (NP)
    • 192 s. :
    • b
    • Oznaczenie ilustracji (NP)
    • il. ;
    • c
    • Format (NP)
    • 30 cm +
    • e
    • Oznaczenie dokumentu towarzyszącego (NP)
    • dysk optyczny (CD-ROM).
336 -Typ zawartości [ , ]
    • a
    • Termin opisujący typ zawartości
    • Tekst
    • b
    • Kod określający zawartość
    • txt
    • 2
    • Źródło (terminu i kodu)
    • rdacontent
337 -Typ mediów [ , ]
    • a
    • Tryb odtwarzania
    • Bez urządzenia pośredniczącego
    • b
    • Kod typu mediów
    • n
    • 2
    • Źródło (terminu i kodu)
    • rdamedia
338 -Typ/rodzaj nośnika [ , ]
    • a
    • Hasło opisujące typ nośnika
    • Wolumin
    • b
    • Kod typu nośnika
    • nc
    • 2
    • Źródło (terminu i kodu)
    • rdacarrier
490 -Strefa serii i książki wielotomowej - forma nie do wyszukiwania [1, ]
    • a
    • Tytuł (P)
    • Seria Innowacje Find
830 -Hasło dodatkowe serii i opisu książki wielotomowej - tytuł ujednolicony/tytuł [ ,0]
    • a
    • Tytuł ujednolicony/tytuł (NP)
    • Seria Innowacje
    • 9
    • KHW
    • 21309
500 -Uwaga ogólna [ , ]
    • a
    • Uwaga ogólna (NP)
    • Na s. tyt.: Prezentacje poszczególnych instytucji na załączonym CD.
504 -Uwaga dot. bibliogr. załącznikowej [ , ]
    • a
    • Uwaga dot. bibliografii załącznikowej
    • Bibliogr. s. 187-188.
546 -Uwaga dot. języka [ , ]
    • a
    • Uwaga dot. języka
    • Streszcz. pol. i ang.
080 -Uniwersalna Klasyfikacja Dziesiętna [ , ]
    • 2
    • Identyfikator wydania tablic
    • UDC-P058
    • 9
    • UKD
    • 2228
    • a
    • Symbol klasyfikacji
    • 005.942:338.46:658.114
    • b
    • Dopowiedzenie
    • Inkubatory przedsiębiorczości.
    • 4
    • UKD2
    • 23811
    • x
    • Poddział wspólny
    • (048.8)
    • c
    • Dopowiedzenie poddz. wspólnego
    • (Przeglądy dokumentacyjne. Opracowania dokumentacyjne).
980 -Symbol UKD [ , ]
    • a
    • UKD
    • 005.942:338.46:658.114](048.8)
700 -Hasło dodatkowe - nazwa osobowa [1, ]
    • a
    • Nazwa osobowa (NP)
    • Matusiak, Krzysztof B. Find
    • d
    • Daty biograficzne (NP)
    • (1963-2012).
    • 9
    • KHW
    • 44661
710 -Hasło dodatkowe - nazwa ciała zbiorowego [2, ]
    • a
    • Nazwa ciała zbiorowego lub nazwa geograficzna jako pierwszy element (NP)
    • Polska Agencja Rozwoju Przedsiębiorczości.
    • 4
    • Kod relacji
    • pbl
    • 9
    • KHW
    • 21312
920 -ISBN [ , ]
    • a
    • ISBN
    • 978-83-7633-089-1 Find
930 -NUKAT - Powiązanie tytułówki z wydaw. ciągłym [ , ]
    • a
    • Szukaj w serii
    • UWAGA NUKAT! Nie dublet do rek. xx002165083.
Status udost. Numer inwentarzowy Sygnatura Data inwentaryzacji Lokalizacja
-2T.19333T.193332017-01-03T
-2TM.13063TM.130632017-01-03T